000
00303nam a22001337a 4500
008
170920b xxu||||| |||| 00| 0 eng d
020
_a
2900072910239
041
_a
eng
080
_2
5 ED
_a
7
100
_a
45
101
_a
ART
245
_a
THE HUMANISTIC TRADITION
_c
FIERO.A.K
942
_2
udc
_c
BK
999
_c
28406
_d
28406